Didáctica de la biblioteca /

Guardado en:
Autor Principal: Céspedes, Cora
Formato: Libro
Publicado: Buenos Aires : Ciccus, 1999
Series:Colección Praxis
Materias:
Etiquetas: Agregar Etiqueta
Sin Etiquetas, Sea el primero en etiquetar este registro!
LEADER 00650nam a22002295a 4500
001 CEM.cems010725
005 20080526134312.0
008 130507s1999##################000#0#####d
003 CEMS
020 |a 9879563123 
082 0 4 |a 025 
100 1 |a Céspedes, Cora 
245 1 0 |a Didáctica de la biblioteca /  |c Cora Céspedes 
260 |a Buenos Aires :  |b Ciccus,  |c 1999 
300 |a 167 p. 
490 0 |a Colección Praxis 
653 |a Biblioteca escolar 
653 |a Bibliotecas 
653 |a Bibliotecología 
653 |a Mapas conceptuales 
653 |a Formación de usuarios-biblioteca 
859 |a CEMS  |b BIB. CEMS - 11 de abril  |h 025  |i C337  |p 21398.01  |t Ej.1